[Event "Game 1384 - Rated game, 15m + 0s"]
[Site "Main Playing Hall"]
[Date "2003.05.10"]
[Round "?"]
[White "kmreese"]
[Black "chess newby"]
[Result "1-0"]
[WhiteElo "1312"]
[BlackElo "1379"]
[Annotator "Black - Resign"]
[PlyCount "85"]
[EventDate "2003.??.??"]

1. e4 d5 2. e5 Bf5 3. Nf3 Bg4 4. h3 Bh5
5. g4 Bg6 6. Nd4 e6 7. h4 h5 8. g5 c5
9. Bb5+ Nd7 10. Nb3 a6 11. Bxd7+ Qxd7 12. d4 c4
13. Na5 b6 14. Bd2 bxa5 15. Bxa5 Qb5 16. Bc3 a5
17. a4 Bb4 18. O-O Qb6 19. b3 Bxc3 20. Nxc3 Qxd4
21. Qxd4 Ne7 22. Nb5 O-O 23. bxc4 Nf5 24. Qc5 dxc4
25. Rad1 Rac8 26. Qa7 Nxh4 27. Nd6 Ra8 28. Qb7 Rab8
29. Qc6 Bxc2 30. Qxc4 Bxd1 31. Qxh4 Rb4 32. Ne4 Bxa4
33. Re1 Bc6 34. f3 f5 35. exf6 g6 36. Qf4 Rd8
37. f7+ Kg7 38. Qf6+ Kf8 39. Qxg6 Bxe4 40. Qg8+ Ke7
41. Qxd8+ Kxd8 42. f8=Q+ Kd7 43. Rd1+ {Black - Resign} 1-0

[Event "Game 1385 - Rated game, 15m + 0s"]
[Site "Main Playing Hall"]
[Date "2003.05.10"]
[Round "?"]
[White "snajper69"]
[Black "kmreese"]
[Result "1-0"]
[WhiteElo "1169"]
[BlackElo "1334"]
[PlyCount "73"]
[EventDate "2003.??.??"]

1. Nf3 d5 2. d4 Nf6 3. e3 Ne4 4. c4 e6
5. Bd3 Ng5 6. O-O dxc4 7. Bxc4 Nc6 8. Bb5 Bd7
9. Nxg5 Qxg5 10. e4 Qxb5 11. e5 O-O-O 12. Nc3 Qa6
13. Re1 Bb4 14. Re3 Ne7 15. a3 Bxc3 16. bxc3 Nd5
17. Rf3 Ba4 18. Qd2 f6 19. h3 fxe5 20. dxe5 Nb4
21. Qg5 Rd1+ 22. Kh2 Nc2 23. Ra2 Qf1 24. Qxg7 Qh1+
25. Kg3 Rhd8 26. Rf8 Rg1 27. Rxd8+ Kxd8 28. Bg5+ Kc8
29. Qf8+ Kd7 30. Qe7+ Kc6 31. Qxe6+ Kc5 32. Be7+ Kb5
33. Rb2+ Ka5 34. Bb4+ Nxb4 35. axb4+ Kb5 36. Qd5+ Ka6
37. Qa5# 1-0

[Event "Game 1386 - Rated game, 10m + 5s"]
[Site "Main Playing Hall"]
[Date "2003.05.12"]
[Round "?"]
[White "kmreese"]
[Black "Upnor"]
[Result "0-1"]
[WhiteElo "1308"]
[BlackElo "1356"]
[Annotator "White - Time"]
[PlyCount "52"]
[EventDate "2003.??.??"]

1. e4 e5 2. Nf3 Nc6 3. Bc4 h6 4. O-O Nf6
5. Re1 d5 6. exd5 Nxd5 7. Nxe5 Nxe5 8. Rxe5+ Ne7
9. Nc3 Be6 10. Bxe6 fxe6 11. Qh5+ g6 12. Qxg6+ Nxg6
13. Rxe6+ Ne7 14. d3 Qd7 15. Re4 O-O-O 16. Bf4 Rg8
17. Rc4 Nc6 18. Nb5 Qg4 19. Nxa7+ Nxa7 20. Rxc7+ Kb8
21. Rg7+ Qxf4 22. Rxg8 Nc6 23. Re1 Bc5 24. Rxd8+ Nxd8
25. Re2 h5 26. g3 Qf3 {White - Time} 0-1

[Event "Game 1387 - Rated game, 10m + 5s"]
[Site "Main Playing Hall"]
[Date "2003.05.12"]
[Round "?"]
[White "Upnor"]
[Black "kmreese"]
[Result "0-1"]
[WhiteElo "1371"]
[BlackElo "1292"]
[PlyCount "54"]
[EventDate "2003.??.??"]

1. e4 c5 2. Nf3 d6 3. Bc4 e5 4. O-O Nf6
5. Nc3 Ng4 6. Nd5 Nc6 7. Bb5 Bd7 8. a3 Qa5
9. Bxc6 bxc6 10. b4 cxb4 11. Nxb4 d5 12. exd5 Bxb4
13. Bb2 Bd6 14. Nxe5 Nxe5 15. Bxe5 Bxe5 16. dxc6 Bxc6
17. Re1 f6 18. d4 O-O-O 19. dxe5 Rxd1 20. Rexd1 Qxe5
21. Re1 Qg5 22. f3 Bxf3 23. g3 Qc5+ 24. Kf1 Qc4+
25. Kg1 Qd4+ 26. Kf1 Qd2 27. c4 Qg2# 0-1

[Event "Game 1389 - Rated game, 12m + 0s"]
[Site "Main Playing Hall"]
[Date "2003.05.13"]
[Round "?"]
[White "kmreese"]
[Black "jiwesq"]
[Result "0-1"]
[WhiteElo "1314"]
[BlackElo "1267"]
[PlyCount "38"]
[EventDate "2003.??.??"]

1. e4 e5 2. Bc4 Nf6 3. d3 c6 4. Nf3 d5
5. exd5 cxd5 6. Bb3 Nc6 7. O-O h5 8. d4 e4
9. Ng5 Nh7 10. f4 Nxg5 11. fxg5 h4 12. Nc3 Be6
13. Nxe4 dxe4 14. d5 h3 15. g6 hxg2 16. Re1 Qh4
17. dxe6 Qxh2+ 18. Kf2 Bc5+ 19. Be3 g1=Q# 0-1

[Event "Game 1390 - Friendly Game, 10m + 5s"]
[Site "Main Playing Hall"]
[Date "2003.05.13"]
[Round "?"]
[White "suberri1"]
[Black "kmreese"]
[Result "1-0"]
[WhiteElo "1398"]
[BlackElo "1294"]
[Annotator "Black - Resign"]
[PlyCount "23"]
[EventDate "2003.??.??"]

1. e4 c5 2. d4 d6 3. d5 e6 4. Nf3 exd5
5. exd5 Bf5 6. Be2 Nf6 7. O-O Ng4 8. Re1 Be4
9. Bb5+ Ke7 10. Rxe4+ Kf6 11. Rxg4 g5 12. Bxg5+ {Black - Resign} 1-0

[Event "Game 1392 - Rated game, 15m + 0s"]
[Site "Main Playing Hall"]
[Date "2003.05.14"]
[Round "?"]
[White "sandlapper03"]
[Black "kmreese"]
[Result "1-0"]
[WhiteElo "1309"]
[BlackElo "1294"]
[PlyCount "97"]
[EventDate "2003.??.??"]

1. e4 c5 2. Nf3 d6 3. Bc4 e6 4. d3 Nf6
5. c3 d5 6. exd5 exd5 7. Bb3 c4 8. dxc4 dxc4
9. Qxd8+ Kxd8 10. Bxc4 Nc6 11. Bxf7 Bc5 12. O-O Ke7
13. Bb3 Bg4 14. Nbd2 Rhe8 15. Nc4 Rad8 16. Bg5 h6
17. Bxf6+ gxf6 18. Rae1+ Be6 19. Ncd2 Ne5 20. Nxe5 fxe5
21. Nf3 Bd6 22. Bxe6 Kxe6 23. g3 Rf8 24. Nd2 Bc5
25. Nc4 Kd5 26. Nxe5 h5 27. c4+ Kd4 28. Ng6 Rf7
29. Rd1+ Kxc4 30. Rxd8 h4 31. Nxh4 Re7 32. Rd2 b5
33. Rc1+ Kb4 34. a3+ Ka5 35. Rxc5 Re1+ 36. Kg2 Ra1
37. Nf3 Kb6 38. Rf5 a5 39. Nd4 Kc7 40. Rxb5 a4
41. Ra5 Kb8 42. Rxa4 Kc7 43. h4 Kd6 44. h5 Ke7
45. h6 Kf7 46. Ra7+ Kg8 47. Nf5 Re1 48. Rd8+ Re8
49. Rxe8# 1-0

[Event "Game 1395 - Rated game, 10m + 0s"]
[Site "Main Playing Hall"]
[Date "2003.05.15"]
[Round "?"]
[White "John2059"]
[Black "kmreese"]
[Result "1-0"]
[WhiteElo "1341"]
[BlackElo "1277"]
[PlyCount "57"]
[EventDate "2003.??.??"]

1. e4 c5 2. f4 d5 3. exd5 Qxd5 4. Nc3 Qe6+
5. Qe2 Qxe2+ 6. Bxe2 Nf6 7. Nf3 e6 8. O-O Bd6
9. d3 O-O 10. Nb5 Rd8 11. Nxd6 Rxd6 12. Ne5 Nd5
13. f5 f6 14. Nc4 Rd7 15. fxe6 Re7 16. Bg4 Nc6
17. b3 Nd4 18. c3 Nc2 19. Rb1 Nxc3 20. Rb2 Nd4
21. Bd2 Ncb5 22. Be3 f5 23. Bxf5 Nxf5 24. Rxf5 Bxe6
25. Re5 Rd8 26. Bxc5 Rf7 27. Rxe6 Rxd3 28. Re8+ Rf8
29. Rxf8# 1-0

[Event "Game 1398 - Rated game, 4m + 0s"]
[Site "Main Playing Hall"]
[Date "2003.05.20"]
[Round "?"]
[White "kmreese"]
[Black "jochen"]
[Result "0-1"]
[WhiteElo "1262"]
[BlackElo "1317"]
[Annotator "White - Resign"]
[PlyCount "80"]
[EventDate "2003.??.??"]

1. e4 Nf6 2. Bc4 Nxe4 3. d3 Nd6 4. Nf3 Nxc4
5. dxc4 g6 6. O-O Bg7 7. Bg5 b6 8. Re1 Nc6
9. c3 h6 10. Be3 g5 11. c5 Bb7 12. Na3 Ne5
13. Nxe5 Bxe5 14. Nb5 a6 15. Nd4 bxc5 16. Nf3 d6
17. Qa4+ Qd7 18. Qxd7+ Kxd7 19. Nxe5+ dxe5 20. Bxc5 Ke6
21. Rad1 f6 22. f3 Rhd8 23. Rc1 Rd5 24. Bb4 c5
25. Ba5 c4 26. Bb4 a5 27. Ba3 Rb5 28. Rcd1 f5
29. Rd6+ Kf7 30. Kf2 exd6 31. Bxd6 Rd5 32. Ba3 Rd2+
33. Kf1 e4 34. fxe4 Bxe4 35. g3 Re8 36. Rxe4 Rxe4
37. Bc5 Rxb2 38. h4 Rxa2 39. hxg5 Rg4 40. Bg1 Rxg3 {White - Resign} 0-1

[Event "Game 1399 - Rated game, 4m + 0s"]
[Site "Main Playing Hall"]
[Date "2003.05.20"]
[Round "?"]
[White "jochen"]
[Black "kmreese"]
[Result "1-0"]
[WhiteElo "1332"]
[BlackElo "1247"]
[Annotator "Black - Resign"]
[PlyCount "39"]
[EventDate "2003.??.??"]

1. Nc3 d5 2. Nf3 Bf5 3. d3 Nf6 4. e4 dxe4
5. dxe4 Bxe4 6. Qxd8+ Kxd8 7. Bg5 e6 8. Bxf6+ gxf6
9. Nxe4 Bb4+ 10. c3 Ba5 11. b4 Bb6 12. O-O-O+ Kc8
13. Nxf6 c5 14. Ne5 cxb4 15. cxb4 Bxf2 16. Nxf7 Be3+
17. Kb1 Rf8 18. Nd6+ Kc7 19. Nfe8+ Kb6 20. Nc4+ {Black - Resign} 1-0

[Event "Game 1401 - Friendly Game, 10m + 0s"]
[Site "Main Playing Hall"]
[Date "2003.05.23"]
[Round "?"]
[White "kmreese"]
[Black "Yogie"]
[Result "0-1"]
[WhiteElo "1233"]
[BlackElo "1196"]
[Annotator "White - Time"]
[PlyCount "80"]
[EventDate "2003.??.??"]

1. e4 e5 2. Bc4 Nf6 3. d3 Bc5 4. Nf3 O-O
5. Nxe5 d6 6. d4 Bb6 7. Nf3 Nxe4 8. O-O Nc6
9. Kh1 Qf6 10. Be3 Na5 11. Bd3 d5 12. Bxe4 dxe4
13. Ne5 Nc4 14. Nxc4 Be6 15. Ne5 Rad8 16. c3 c5
17. Nd2 cxd4 18. Nxe4 Qf5 19. Ng3 dxe3 20. Nxf5 Rxd1
21. Rfxd1 Bxf5 22. fxe3 Bxe3 23. Rf1 f6 24. Nf3 Bd3
25. Rfe1 Bf2 26. Re6 Kf7 27. Rd6 Be4 28. Rad1 Kg6
29. Rf1 Bc5 30. Ne5+ Kh6 31. Ng4+ Kg5 32. Re1 Bxd6
33. Rxe4 f5 34. h4+ Kxh4 35. g3+ Kg5 36. Rd4 fxg4
37. Rxd6 Rf1+ 38. Kg2 Re1 39. Rd5+ Kh6 40. Kf2 Re6 {White - Time} 0-1

[Event "Game 1403 - Rated game, 12m + 3s"]
[Site "Main Playing Hall"]
[Date "2003.05.25"]
[Round "?"]
[White "kmreese"]
[Black "ZaphodBebblebrox"]
[Result "0-1"]
[WhiteElo "1233"]
[BlackElo "1225"]
[PlyCount "60"]
[EventDate "2003.??.??"]

1. e4 c5 2. Nf3 a6 3. Nc3 Nc6 4. Bc4 e6
5. e5 b5 6. Bd3 d5 7. O-O d4 8. Ne4 Nb4
9. Neg5 Nh6 10. a3 Nd5 11. c4 bxc4 12. Bxc4 Nf4
13. d3 Nxg2 14. Kxg2 Nf5 15. Ne4 Bb7 16. Bg5 Be7
17. h4 h6 18. Bxe7 Qxe7 19. Rh1 h5 20. Qa4+ Kf8
21. Nfg5 Rh6 22. b4 cxb4 23. axb4 Rg6 24. Kh2 Nxh4
25. Nh7+ Kg8 26. Nhg5 Bxe4 27. dxe4 Qxg5 28. Rhg1 Nf3+
29. Kh1 Nxg1 30. f3 Qg2# 0-1

[Event "Game 1404 - Rated game, 15m + 0s"]
[Site "Main Playing Hall"]
[Date "2003.05.25"]
[Round "?"]
[White "ZaphodBebblebrox"]
[Black "kmreese"]
[Result "1-0"]
[WhiteElo "1244"]
[BlackElo "1215"]
[PlyCount "83"]
[EventDate "2003.??.??"]

1. d4 d5 2. e3 Nf6 3. Nd2 e6 4. f4 Nc6
5. c3 Bd6 6. Bd3 O-O 7. Ngf3 Ne4 8. Nxe4 dxe4
9. Bxe4 f5 10. Bd3 a6 11. Bc4 b5 12. Bb3 b4
13. Ng5 bxc3 14. bxc3 a5 15. Nxe6 Bxe6 16. Bxe6+ Kh8
17. O-O a4 18. Qh5 g6 19. Qf3 Qf6 20. Bd5 Na5
21. Bxa8 c6 22. Bxc6 Nxc6 23. Qxc6 g5 24. Rb1 h5
25. c4 h4 26. c5 Rd8 27. Bb2 h3 28. d5 Be5
29. Qxf6+ Bxf6 30. Bxf6+ Kg8 31. Bxd8 g4 32. Rb8 Kf7
33. c6 hxg2 34. Re1 g3 35. c7 a3 36. c8=Q gxh2+
37. Kxg2 h1=Q+ 38. Rxh1 Kg6 39. Qc6+ Kf7 40. Rb7+ Kg8
41. Bh4 Kh8 42. Qc8# 1-0

[Event "Game 1417 - Rated game, 10m + 0s"]
[Site "Beginners"]
[Date "2003.06.02"]
[Round "?"]
[White "kmreese"]
[Black "Sch?nne"]
[Result "1-0"]
[WhiteElo "1371"]
[BlackElo "1197"]
[Annotator "Black - Resign"]
[PlyCount "39"]
[EventDate "2003.??.??"]

1. e4 e5 2. Nf3 Nf6 3. Bc4 d5 4. exd5 Nxd5
5. Nxe5 Qe7 6. d4 Nb6 7. Bxf7+ Kd8 8. h4 Nc6
9. Bg5 Qxg5 10. hxg5 h6 11. Qd2 Bb4 12. c3 Bd6
13. Bh5 Be7 14. Nf7+ Kd7 15. Nxh8 Nc4 16. Qf4 b6
17. Qf5+ Kd8 18. Nf7+ Ke8 19. Ne5+ Kd8 20. Nxc6# { Black - Resign} 1-0

[Event "Game 1424 - Rated game, 12m + 0s"]
[Site "Beginners"]
[Date "2003.06.04"]
[Round "?"]
[White "happybuble"]
[Black "kmreese"]
[Result "0-1"]
[WhiteElo "1015"]
[BlackElo "1632"]
[PlyCount "72"]
[EventDate "2003.??.??"]

1. e4 c5 2. d4 cxd4 3. Qxd4 Nc6 4. Qd5 e6
5. Qd2 Nf6 6. f3 e5 7. Bb5 Nd4 8. Bd3 d5
9. c3 Ne6 10. exd5 Nxd5 11. Bc4 Nef4 12. Bxd5 Nxd5
13. c4 Bb4 14. Nc3 Qh4+ 15. g3 Qxc4 16. Qxd5 Qxd5
17. a3 Qa5 18. axb4 Qxa1 19. Kd2 Bf5 20. Nge2 O-O-O+
21. Ke3 Rhe8 22. g4 Rd3+ 23. Kf2 Bd7 24. Rd1 Rxd1
25. Nxd1 Qa6 26. Be3 Qd3 27. Ndc3 e4 28. Nxe4 Rxe4
29. fxe4 Qxe4 30. h3 h5 31. gxh5 Bxh3 32. Nc3 Qg2+
33. Ke1 f5 34. Bd4 f4 35. Ne4 f3 36. b3 Qe2# 0-1

[Event "Game 1427 - Rated game, 12m + 0s"]
[Site "Main Playing Hall"]
[Date "2003.06.05"]
[Round "?"]
[White "drewgall"]
[Black "kmreese"]
[Result "1-0"]
[WhiteElo "1376"]
[BlackElo "1637"]
[Annotator "Black - Time"]
[PlyCount "63"]
[EventDate "2003.??.??"]

1. d4 d5 2. c4 Nf6 3. Nf3 e6 4. Nc3 dxc4
5. e3 Bb4 6. Bd2 Nc6 7. Bxc4 O-O 8. Qe2 e5
9. Nxe5 a6 10. a3 Bd6 11. Nd5 Bxe5 12. dxe5 Nxe5
13. Bc3 Nxc4 14. Qxc4 Nxd5 15. Qd4 f6 16. Rd1 Be6
17. Qe4 Re8 18. Rd4 f5 19. Qe5 Re7 20. O-O Bf7
21. Qxf5 c6 22. Rfd1 g6 23. Qh3 Qc7 24. Qh6 Rd8
25. Rh4 Be6 26. Rdd4 Rdd7 27. Qg5 Nxc3 28. bxc3 Qb6
29. h3 Qb1+ 30. Kh2 Rg7 31. Rhe4 Rxd4 32. Rxd4 {Black - Time} 1-0

[Event "Game 1432 - Rated game, 10m + 0s"]
[Site "Main Playing Hall"]
[Date "2003.06.07"]
[Round "?"]
[White "kmreese"]
[Black "caraballo"]
[Result "0-1"]
[WhiteElo "1637"]
[BlackElo "1261"]
[PlyCount "46"]
[EventDate "2003.??.??"]

1. e4 e5 2. Nf3 d5 3. Nc3 dxe4 4. Nxe4 Nc6
5. Bc4 Nf6 6. Nxf6+ Qxf6 7. d3 Bc5 8. Bg5 Qf5
9. O-O O-O 10. Kh1 e4 11. d4 Nxd4 12. Nxd4 Bxd4
13. Qxd4 Qxg5 14. Qxe4 Bf5 15. Qxb7 Bxc2 16. Qxc7 Be4
17. f3 Rac8 18. Qxa7 Rxc4 19. fxe4 Rxe4 20. Rad1 Re2
21. g3 Rd2 22. Rde1 Qd5+ 23. Kg1 Qg2# 0-1

[Event "Game 1434 - Rated game, 15m + 0s"]
[Site "Main Playing Hall"]
[Date "2003.06.07"]
[Round "?"]
[White "wolf17"]
[Black "kmreese"]
[Result "1-0"]
[WhiteElo "1360"]
[BlackElo "1501"]
[PlyCount "59"]
[EventDate "2003.??.??"]

1. e4 c5 2. Nf3 d6 3. d4 Nf6 4. Nc3 cxd4
5. Nxd4 e5 6. Nb3 Be7 7. Bc4 O-O 8. O-O Bg4
9. f3 Qb6+ 10. Kh1 Bh5 11. Nd5 Nxd5 12. Bxd5 Nd7
13. Qe1 Rac8 14. Be3 Qd8 15. Rc1 Nf6 16. Bxb7 Rc7
17. Ba6 d5 18. exd5 Nxd5 19. Bd2 f6 20. Ba5 Nb6
21. Rd1 Qa8 22. Qd2 Rd8 23. Qe3 Rxd1 24. Rxd1 Rxc2
25. Bxb6 axb6 26. Qxb6 Rc6 27. Qb7 Rxa6 28. Qxe7 Qf8
29. Rd8 Ra8 30. Qxf8# 1-0

[Event "Game 1435 - Rated game, 10m + 2s"]
[Site "Main Playing Hall"]
[Date "2003.06.08"]
[Round "?"]
[White "kmreese"]
[Black "Plasticity"]
[Result "0-1"]
[WhiteElo "1401"]
[BlackElo "1268"]
[Annotator "White - Resign"]
[PlyCount "38"]
[EventDate "2003.??.??"]

1. e4 d5 2. Nc3 dxe4 3. Nxe4 Bf5 4. d3 Bxe4
5. dxe4 Qxd1+ 6. Kxd1 Nc6 7. Bf4 e5 8. Bg5 Be7
9. h4 O-O-O+ 10. Bd3 Nf6 11. Nf3 Nxe4 12. Bxe7 Nxe7
13. Ke1 f5 14. Nxe5 Rd5 15. Nf7 Re8 16. Rd1 Nc6
17. Kf1 h6 18. Re1 Rd7 19. Bc4 Nd2+ 0-1

[Event "Game 1436 - Rated game, 10m + 2s"]
[Site "Main Playing Hall"]
[Date "2003.06.09"]
[Round "?"]
[White "Plasticity"]
[Black "kmreese"]
[Result "0-1"]
[WhiteElo "1320"]
[BlackElo "1308"]
[Annotator "White - Resign"]
[PlyCount "66"]
[EventDate "2003.??.??"]

1. e4 c5 2. Nf3 d6 3. Bc4 e6 4. Nc3 Nf6
5. d4 cxd4 6. Qxd4 Nc6 7. Bb5 Bd7 8. Bxc6 Bxc6
9. Bg5 Be7 10. O-O-O h6 11. Bxf6 Bxf6 12. Qxd6 Bg5+
13. Kb1 Qb6 14. Nxg5 hxg5 15. f3 Rd8 16. Qe5 Rxd1+
17. Rxd1 O-O 18. b3 Re8 19. Qxg5 f6 20. Qd2 Qa5
21. Kb2 b5 22. Ne2 b4 23. Qd6 Qa3+ 24. Kb1 Qa6
25. Nd4 Rc8 26. Qxe6+ Kh7 27. Nxc6 Rxc6 28. Qf5+ Kh6
29. Qh3+ Kg6 30. f4 Qe2 31. f5+ Kf7 32. Rd7+ Ke8
33. Rxg7 Qxc2+ {White - Resign} 0-1

[Event "Game 1437 - Rated game, 10m + 0s"]
[Site "Beginners"]
[Date "2003.06.10"]
[Round "?"]
[White "Whisky Mac"]
[Black "kmreese"]
[Result "1-0"]
[WhiteElo "1237"]
[BlackElo "1375"]
[Annotator "Black - Time"]
[PlyCount "87"]
[EventDate "2003.??.??"]

1. e4 c5 2. d4 e6 3. d5 exd5 4. Qe2 d4
5. Nf3 Nc6 6. Nbd2 Nf6 7. Nc4 d5 8. exd5+ Ne7
9. d6 Nfd5 10. Bg5 f6 11. Bh4 g5 12. Bg3 b5
13. Na3 Qa5+ 14. Nd2 Nb4 15. O-O-O d3 16. Qh5+ Kd7
17. Qf7 c4 18. Qxf6 Nxa2+ 19. Kb1 dxc2+ 20. Nxc2 Nd5
21. Qxh8 Ndc3+ 22. bxc3 Nxc3+ 23. Kc1 Bxd6 24. Nf3 Na2+
25. Kb2 c3+ 26. Qxc3 Qxc3+ 27. Kb1 Qb3+ 28. Ka1 Qxc2
29. Bxb5+ Ke7 30. Bxd6+ Kf6 31. Be5+ Kg6 32. Bd3+ Qxd3
33. Rxd3 Kf5 34. Kxa2 Be6+ 35. Rb3 Bxb3+ 36. Kxb3 Rb8+
37. Kc4 Rc8+ 38. Kd5 Rd8+ 39. Kc4 g4 40. Bc7 {.} Rc8
41. Nd4+ Ke4 42. f3+ Ke3 43. Re1+ Kf2 44. Re2+ {Black - Time} 1-0

[Event "Game 1438 - Rated game, 10m + 0s"]
[Site "Beginners"]
[Date "2003.06.10"]
[Round "?"]
[White "kmreese"]
[Black "kartik"]
[Result "1-0"]
[WhiteElo "1291"]
[BlackElo "1213"]
[Annotator "Black - Resign"]
[PlyCount "23"]
[EventDate "2003.??.??"]

1. e4 e6 2. d4 d5 3. e5 c5 4. Nf3 Nc6
5. dxc5 Bxc5 6. Bd3 Bd7 7. O-O Nh6 8. Ng5 Qb6
9. Nh3 Ng8 10. Nc3 d4 11. Na4 Qc7 12. Nxc5 {Black - Resign} 1-0

[Event "Game 1439 - Rated game, 10m + 5s"]
[Site "Main Playing Hall"]
[Date "2003.06.10"]
[Round "?"]
[White "kmreese"]
[Black "Upnor"]
[Result "1-0"]
[WhiteElo "1336"]
[BlackElo "1304"]
[Annotator "Black - Resign"]
[PlyCount "69"]
[EventDate "2003.??.??"]

1. e4 e5 2. Nf3 Nc6 3. Bc4 h6 4. O-O Nf6
5. d3 Bc5 6. Be3 d5 7. exd5 Bxe3 8. fxe3 Nxd5
9. e4 Ne3 10. Qe2 Nxf1 11. Qxf1 O-O 12. Nc3 Bg4
13. Nd2 Qg5 14. Qf2 Nd4 15. Nd5 Nxc2 16. Rf1 c6
17. h4 Qg6 18. Ne7+ Kh8 19. Nxg6+ fxg6 20. Qg3 h5
21. Rxf8+ Rxf8 22. Qxe5 Ne3 23. Qd4 Nc2 24. Qc5 Rd8
25. Bf7 Kh7 26. Qxc2 Rf8 27. Bc4 b5 28. Bb3 Be2
29. Qxc6 Bxd3 30. Nf3 Be2 31. Ng5+ Kh6 32. Nf7+ Kh7
33. e5 Bg4 34. e6 Rc8 35. Qxc8 {Black - Resign} 1-0

[Event "Game 1442 - Friendly Game, 20m + 0s"]
[Site "Main Playing Hall"]
[Date "2003.06.13"]
[Round "?"]
[White "lillopavia"]
[Black "kmreese"]
[Result "0-1"]
[WhiteElo "1619"]
[BlackElo "1561"]
[Annotator "Black - Atomatic win??  (mistake)"]
[PlyCount "50"]
[EventDate "2003.??.??"]

1. e4 c5 2. d4 cxd4 3. c3 dxc3 4. Nxc3 e5
5. Bc4 Nc6 6. Nf3 Nf6 7. O-O Bb4 8. Nd5 Nxe4
9. Nxb4 Nxb4 10. Re1 d5 11. Nxe5 Qb6 12. Qf3 f6
13. Be3 Qc7 14. Rac1 fxe5 15. Bb5+ Nc6 16. Qh5+ g6
17. Qh6 Qa5 18. Qg7 Rf8 19. Bh6 Rf7 20. Bxc6+ bxc6
21. Qxe5+ Re7 22. Qh8+ Kd7 23. Rxe4 Rxe4 24. Qg7+ Re7
25. Qc3 Qxc3 { Black - Automatic win This should not have happened. Software  
error.} 0-1

[Event "Game 1443 - Rated game, 10m + 0s"]
[Site "Main Playing Hall"]
[Date "2003.06.13"]
[Round "?"]
[White "kmreese"]
[Black "gjenkin"]
[Result "1-0"]
[WhiteElo "1321"]
[BlackElo "1309"]
[PlyCount "59"]
[EventDate "2003.??.??"]

1. e4 e5 2. Nf3 Nc6 3. Bc4 h6 4. Nc3 Nf6
5. Nd5 Nxd5 6. exd5 Na5 7. d3 Nxc4 8. dxc4 d6
9. O-O Be7 10. c5 dxc5 11. Nxe5 O-O 12. f4 b5
13. f5 c4 14. Nc6 Bc5+ 15. Kh1 Qh4 16. Bf4 Bd6
17. Bxd6 cxd6 18. f6 g6 19. Ne7+ Kh7 20. Qe2 Bg4
21. Qe4 Qg5 22. Rf4 Bf5 23. Rxf5 gxf5 24. Nxf5 Qxf6
25. Nh4+ Kh8 26. Kg1 Rae8 27. Qg4 Rg8 28. Qh5 Re5
29. Ng6+ fxg6 30. Qxh6# 1-0

[Event "Game 1445 - Rated game, 10m + 2s"]
[Site "Beginners"]
[Date "2003.06.14"]
[Round "?"]
[White "wolla"]
[Black "kmreese"]
[Result "0-1"]
[WhiteElo "1131"]
[BlackElo "1389"]
[Annotator "White - Resign"]
[PlyCount "66"]
[EventDate "2003.??.??"]

1. Nf3 d5 2. g3 Nc6 3. d4 e6 4. Bg2 f5
5. Ng5 Be7 6. Nf3 Nf6 7. Bf4 Ng4 8. Qd2 h6
9. h3 Nf6 10. Nh4 Ne4 11. Qe3 g5 12. Ng6 gxf4
13. Qxf4 Bg5 14. Qf3 Rg8 15. Qh5 Kd7 16. c3 Nf6
17. Ne5+ Nxe5 18. Qxg5 Rxg5 19. h4 Rg4 20. h5 Nc4
21. f3 Rxg3 22. Rg1 Ne3 23. Kf2 f4 24. Nd2 Qg8
25. Bh3 Rxg1 26. Rxg1 Qf7 27. Rg6 Nxh5 28. Rxh6 Kc6
29. Bg4 Ng3 30. b4 Qg7 31. Rh4 Qg5 32. Rh5 Nxg4+
33. Kg2 Qxh5 { White - Resign} 0-1

[Event "Game 1446 - Rated game, 10m + 5s"]
[Site "Beginners"]
[Date "2003.06.14"]
[Round "?"]
[White "kmreese"]
[Black "darm"]
[Result "1/2-1/2"]
[WhiteElo "1403"]
[BlackElo "1431"]
[Annotator "Draw - Insufficient material"]
[PlyCount "177"]
[EventDate "2003.??.??"]

1. e4 e5 2. Nf3 Nc6 3. c3 Nf6 4. Bd3 Be7
5. O-O O-O 6. Re1 d6 7. Bc4 Bg4 8. d3 a6
9. h3 Bh5 10. g4 Bg6 11. Nh4 Nd7 12. Nxg6 hxg6
13. g5 Bxg5 14. Bxg5 Qxg5+ 15. Kf1 Nf6 16. Nd2 Qh4
17. Nf3 Qxh3+ 18. Ke2 Ng4 19. Rh1 Qg2 20. Rf1 Nh2
21. Nxh2 Qxh2 22. Rh1 Qg2 23. Qc2 Qg4+ 24. Kd2 Rfd8
25. Rag1 Qf4+ 26. Ke2 Kf8 27. Rh8+ Ke7 28. Rxd8 Nxd8
29. Qb3 Qh2 30. Rf1 Qh5+ 31. Kd2 b6 32. d4 exd4
33. Be2 Qg5+ 34. f4 Qg2 35. cxd4 Qxe4 36. Bf3 Qxd4+
37. Ke1 Rb8 38. f5 gxf5 39. Bd1 Qh4+ 40. Kd2 Qh2+
41. Kc1 g6 42. Re1+ Ne6 43. Kb1 Qd2 44. Qe3 Qxe3
45. Rxe3 Re8 46. b4 Kf8 47. a4 Nd4 48. Rh3 Nc6
49. Bf3 Nxb4 50. Kb2 Nd3+ 51. Ka3 Ne5 52. Bd5 c6
53. Bg2 d5 54. Kb4 a5+ 55. Kc3 Ng4 56. Kd2 Re7
57. Rh8+ Kg7 58. Rc8 Ne5 59. Rb8 b5 60. axb5 cxb5
61. Rxb5 a4 62. Bxd5 a3 63. Ra5 Rd7 64. Ke3 Ng4+
65. Kf4 Nf6 66. Bc6 Rd4+ 67. Kg3 Rd3+ 68. Kf2 Ne4+
69. Ke2 Rd2+ 70. Ke3 a2 71. Bxe4 Rb2 72. Bd5 Kf6
73. Kf4 Rf2+ 74. Kg3 Rd2 75. Bxa2 Rd3+ 76. Kf4 Rd1
77. Ke3 Re1+ 78. Kf2 Re5 79. Ra6+ Kg7 80. Ra7 Kf8
81. Bxf7 Re7 82. Rxe7 Kxe7 83. Bxg6 Kf6 84. Bh5 Kg5
85. Be2 f4 86. Kf3 Kf5 87. Bd3+ Ke5 88. Be4 Kd4
89. Kxf4 { Draw - Insufficient material} 1/2-1/2

[Event "Game 1447 - Rated game, 15m + 0s"]
[Site "Main Playing Hall"]
[Date "2003.06.15"]
[Round "?"]
[White "kmreese"]
[Black "Tornadou"]
[Result "0-1"]
[WhiteElo "1406"]
[BlackElo "1345"]
[Annotator "White - Resign"]
[PlyCount "102"]
[EventDate "2003.??.??"]

1. e4 e6 2. d4 d5 3. e5 a6 4. Nf3 c5
5. Nc3 cxd4 6. Qxd4 Nc6 7. Qd1 Bb4 8. a3 Bxc3+
9. bxc3 Qc7 10. a4 Nxe5 11. Nd4 Qxc3+ 12. Bd2 Qxd4
13. f4 Nc4 14. Bxc4 Qxc4 15. a5 Nf6 16. c3 Qd3
17. c4 Qxc4 18. f5 Qe4+ 19. Kf2 Qxf5+ 20. Kg1 O-O
21. h3 Bd7 22. g4 Qd3 23. Rh2 Qd4+ 24. Rf2 Ne4
25. Be3 Qxd1+ 26. Rxd1 Nxf2 27. Bxf2 Bb5 28. Rb1 Rac8
29. Kh2 Rc4 30. Bg3 Rfc8 31. h4 Rc2+ 32. Kh3 Rc1
33. Rb3 R8c3 34. Rb2 Ra1 35. Kg2 Rc4 36. Be5 Rxa5
37. Kh3 Raa4 38. g5 Rxh4+ 39. Kg3 Rhg4+ 40. Kh3 Rxg5
41. Bc3 Rc4 42. Bd2 Rf5 43. Kg3 h5 44. Be3 h4+
45. Kg2 Rh5 46. Kh3 Rc3 47. Kg4 Rh7 48. Bf4 h3
49. Bd2 Rc4+ 50. Kg3 h2 51. Rb1 h1=Q { White - Resign} 0-1

[Event "Game 1448 - Rated game, 13m + 2s"]
[Site "Main Playing Hall"]
[Date "2003.06.15"]
[Round "?"]
[White "kmreese"]
[Black "ruschak"]
[Result "1-0"]
[WhiteElo "1368"]
[BlackElo "1153"]
[PlyCount "103"]
[EventDate "2003.??.??"]

1. e4 e5 2. Nf3 d6 3. Bc4 Be6 4. d3 a6
5. Bxe6 fxe6 6. Ng5 Qe7 7. O-O h6 8. Qh5+ Kd8
9. Nc3 Qe8 10. Qh3 Be7 11. Nxe6+ Kc8 12. Nxg7+ Qd7
13. Ne6 Nc6 14. Nd5 Nd4 15. Be3 Qxe6 16. Qxe6+ Nxe6
17. c4 Nf6 18. Nxe7+ Kd7 19. Nf5 Ng8 20. b4 h5
21. c5 Ne7 22. cxd6 cxd6 23. Ng3 Rag8 24. Rac1 h4
25. Ne2 Rh7 26. Bb6 h3 27. g3 Ng5 28. Rc7+ Ke6
29. d4 Nf3+ 30. Kh1 Nd2 31. d5+ Kf7 32. Rfc1 Rg6
33. Rxb7 Nxe4 34. Rcc7 Nxf2+ 35. Bxf2 Rf6 36. Rxe7+ Kg6
37. Rxh7 Rxf2 38. Rbg7+ Kf6 39. Rf7+ Kg5 40. Rxf2 Kg4
41. Rg7+ Kh5 42. g4+ Kh6 43. Rgf7 e4 44. Nf4 Kg5
45. Ne6+ Kxg4 46. Rg7+ Kh5 47. Rf1 Kh6 48. Rfg1 e3
49. Rg8 e2 50. R8g4 Kh5 51. Ng7+ Kh6 52. Rh4# 1-0